<The> Principles of Banking
Na minha lista:
| Autor principal: | |
|---|---|
| Formato: | Livro |
| Idioma: | inglês |
| Publicado em: |
Singapore
John Wiley & Sons
2012
|
| Colecção: | Wiley Finance
|
| Assuntos: | |
| Tags: |
Sem tags, seja o primeiro a adicionar uma tag!
|
MARC
| LEADER | 00000nam a2200000 4500 | ||
|---|---|---|---|
| 001 | 0259752 | ||
| 005 | 20240314085907.1 | ||
| 020 | |a 978-0-470-82521-1 | ||
| 020 | |a 978-0-470-82701-7 | ||
| 041 | 0 | |a eng | |
| 044 | |a SG | ||
| 245 | 1 | 0 | |a <The> Principles of Banking |c Moorad Choudhry |
| 264 | 1 | |a Singapore |b John Wiley & Sons |c 2012 | |
| 300 | |a 886 s. | ||
| 490 | 1 | |a Wiley Finance | |
| 830 | 0 | |a Wiley Finance | |
| 610 | 2 | 0 | |a bankovníctvo |
| 610 | 2 | 0 | |a banky |
| 610 | 2 | 0 | |a podnikanie |
| 610 | 2 | 0 | |a riziko bankové |
| 610 | 2 | 0 | |a kapitál bankový |
| 610 | 2 | 0 | |a regulácia |
| 610 | 2 | 0 | |a riziko úverové |
| 610 | 2 | 0 | |a aktíva |
| 610 | 2 | 0 | |a pasíva |
| 610 | 2 | 0 | |a riadenie |
| 610 | 2 | 0 | |a likvidita |
| 610 | 2 | 0 | |a riadenie rizík |
| 610 | 2 | 0 | |a stratégia podniková |
| 610 | 2 | 0 | |a softvér |
| 100 | 1 | |a Choudhry, Moorad | |